[Event "8th Reykjavik op"]
[Site "Reykjavik ISL"]
[Date "1978.02.05"]
[Round "2"]
[White "Olafsson, Fridrik"]
[Black "Larsen, Bent"]
[Result "1-0"]
[WhiteElo "2530"]
[BlackElo "2620"]
[EventDate "1978.02.04"]
[PlyCount "49"]

{Inf 25/151 Basler Zeitung Nr. 102 am 15.4.1978} 
1.e4 Nf6 {Larsen ist einer der wenigen Gro@en meister, die sich regelmae@ 
ig an Turnieren der Aljechin-Verteidigung bedienen.} 2.e5 Nd5 3.d4 d6 4.
Nf3 g6 5.Bc4 Nb6 6.Bb3 Bg7 7.Ng5 ( {Oder} 7.Qe2 Nc6 8.O-O O-O 9.c3 Bg4 10.
Bf4 Qd7 11.Nbd2 Qf5 12.Bg3 Na5 {mit ungefaehr gleichen Chancen; 
Jansa,V-Roglj,B/Smederevska Palanka 1977} ) 7...d5 8.O-O Nc6 9.c3 Bf5 $2 (
9...O-O 10.Re1 f6 11.exf6 exf6 12.Ne6 Bxe6 13.Rxe6 Qd7 {mit Ausgleich; 
Parma,B-Gheorghiu,F/Skopje 1968 Der folgende Angriffszug duerfte Larsen 
ueberrascht haben.} ) 10.g4 $1 Bxb1 11.Qf3 $1 O-O ( {Auf} 11...f6 {wuerde 
der Springer natuerlich mit Handkuss auf e6 huepfen.} 12.Ne6 ) 12.Rxb1 Qd7
13.Bc2 Nd8 ( {Jetzt fuehrt der Befreiungsversuch} 13...f6 {wegen} 14.Nxh7 
$1 Kxh7 15.Qh3+ Kg8 16.Bxg6 {ins Verderben.} ) 14.Qh3 $1 h6 15.f4 $1 {
Olafsson packt die ihm gebotenen M@otenen glichkeiten trefflich beim 
Schopf.} 15...hxg5 16.f5 $1 {Waehrend Schwarz kuemmerlich um Atem ringt, 
droht der Anziehende einfach 17. Lxg5 nebst 18. fxg6 oder 18. f6. Der 
daenische Gro@sche meister versucht es daher mit einem besaenftigendem 
Rueckopfer.} 16...Ne6 17.fxe6 Qxe6 18.Bxg5 c5 19.Kh1 $1 {Stille 
Vorbereitung zur Schlu@itung kombination.} 19...cxd4 20.cxd4 Rfc8 21.Bf5 
$1 {Ein zweites Figurenopfer laesst von neuem einen unheilverkuendenden 
Bauern auf f5 auftauchen.} 21...gxf5 22.gxf5 Qc6 23.Rg1 $1 {Nun wird der 
Sinn des feinen 19. Zuges klar, die Drohungen auf der g-Linie entscheiden 
den Tag.} 23...Qc2 24.Rbe1 {verhindert De4+} 24...Kf8 25.f6 $1 ( 25.f6 {
Matt in wenigen Zuegen ist unabwendbar, z.B.} 25...exf6 26.exf6 Rc6 27.
fxg7+ Kxg7 28.Bf6+ $1 Kxf6 29.Qh4+ {und matt. Eine tadellose Leistung des 
islaendischen Vorkaempfers.} ) 1-0

[Event "8th Reykjavik op"]
[Site "Reykjavik ISL"]
[Date "1978.02.09"]
[Round "5"]
[White "Browne, Walter Shawn"]
[Black "Olafsson, Fridrik"]
[Result "1/2-1/2"]
[WhiteElo "2550"]
[BlackElo "2530"]
[EventDate "1978.02.04"]
[PlyCount "64"]

1.c4 Nf6 2.Nc3 e6 3.e4 c5 4.Nf3 Nc6 5.Be2 d5 6.cxd5 exd5 7.exd5 Nxd5 8.d4 
cxd4 9.Nxd4 Nxc3 10.bxc3 Nxd4 11.Qxd4 Qxd4 12.cxd4 Bb4+ 13.Bd2 Bd6 14.Bf3 
Rb8 15.O-O Bf5 16.a4 Kd7 17.a5 Rhc8 18.Rfc1 Rxc1+ 19.Rxc1 a6 20.g3 b5 21.
axb6 Rxb6 22.Ba5 Rb3 23.Bc6+ Ke7 24.Re1+ Kf6 25.Re3 Rd3 26.Kg2 h5 27.Bb7 
Kg6 28.Bc3 Rxe3 29.fxe3 Bd3 30.e4 f6 31.e5 fxe5 32.dxe5 Bc5 1/2-1/2

[Event "8th Reykjavik op"]
[Site "Reykjavik ISL"]
[Date "1978.02.09"]
[Round "5"]
[White "Hort, Vlastimil"]
[Black "Lombardy, William"]
[Result "1-0"]
[WhiteElo "2620"]
[BlackElo "2540"]
[EventDate "1978.02.04"]
[PlyCount "81"]

1.d4 Nf6 2.c4 e6 3.Nc3 Bb4 4.e3 b6 5.Ne2 Ba6 6.a3 Bxc3+ 7.Nxc3 d5 8.b3 O-O
9.Be2 Nc6 10.O-O Na5 11.Rb1 c6 12.a4 Qe7 13.Bd2 Rfe8 14.Qe1 Nb7 15.Nb5 
Bxb5 16.axb5 c5 17.Bc3 Rac8 18.Ra1 Nd6 19.Ra4 Nfe4 20.Bb2 Rc7 21.Bd3 Rec8 
22.f3 Nf6 23.e4 dxc4 24.bxc4 cxd4 25.e5 Nxc4 26.exf6 gxf6 27.Qe4 f5 28.
Qxd4 e5 29.Qf2 Nxb2 30.Qxb2 Qd7 31.Qb1 e4 32.fxe4 Rc3 33.Rd1 a5 34.Bf1 Qe7
35.Rad4 f4 36.Qa2 Rc2 37.Qd5 Qh4 38.e5 Qf2+ 39.Kh1 R8c5 40.Qd7 Rc1 41.Qg4+
1-0

[Event "8th Reykjavik op"]
[Site "Reykjavik ISL"]
[Date "1978.02.15"]
[Round "10"]
[White "Olafsson, Fridrik"]
[Black "Petursson, Margeir"]
[Result "1/2-1/2"]
[WhiteElo "2530"]
[BlackElo "2350"]
[EventDate "1978.02.04"]
[PlyCount "82"]

1.c4 c5 2.Nf3 Nf6 3.g3 e6 4.Bg2 d5 5.cxd5 Nxd5 6.O-O Nc6 7.d4 Be7 8.dxc5 
Bxc5 9.a3 O-O 10.Qc2 Be7 11.Rd1 Bd7 12.e4 Nf6 13.Nc3 Rc8 14.Bf4 b5 15.Qe2 
a6 16.e5 Nd5 17.Nxd5 exd5 18.Rxd5 Qe8 19.Rdd1 Be6 20.Bg5 Bb3 21.Re1 Bc5 
22.Rac1 Bc4 23.Qe4 Qe6 24.Rcd1 Bb3 25.Rd2 h6 26.Be3 f5 27.Qf4 Be7 28.h4 b4
29.Rc1 bxa3 30.bxa3 Bxa3 31.Rb1 a5 32.Bf1 Kh8 33.h5 Bb4 34.Rxb3 Qxb3 35.
Rd7 Rf7 36.Nh4 Rxd7 37.Ng6+ Kh7 38.Qxf5 Qf7 39.Qe4 Qd5 40.Qf5 Qf7 41.Qe4 
Qd5 1/2-1/2

[Event "8th Reykjavik op"]
[Site "Reykjavik ISL"]
[Date "1978.02.16"]
[Round "11"]
[White "Petursson, Margeir"]
[Black "Olafsson, Helgi"]
[Result "1-0"]
[WhiteElo "2350"]
[BlackElo "2420"]
[EventDate "1978.02.04"]
[PlyCount "77"]

1.c4 Nf6 2.Nf3 e6 3.g3 d5 4.Bg2 Be7 5.O-O O-O 6.d4 Nbd7 7.Qc2 c6 8.Rd1 b5 
9.cxb5 cxb5 10.Qc6 Rb8 11.Bf4 Rb6 12.Qc1 Ne8 13.Nbd2 Bb7 14.Nb3 Rc6 15.Qd2
b4 16.Rac1 Qb6 17.Ne5 Nxe5 18.dxe5 Qa6 19.Be3 Qxa2 20.Nc5 Bc8 21.Nd3 Qa4 
22.Ra1 Qb5 23.Rxa7 Rc7 24.Rda1 Rxa7 25.Rxa7 Bd7 26.Qc1 f6 27.Nc5 Bxc5 28.
Qxc5 fxe5 29.Bh3 Qc6 30.Qxc6 Bxc6 31.Bxe6+ Kh8 32.Bc5 Rf6 33.Re7 Nc7 34.
Bc8 Nb5 35.Rxe5 b3 36.Re3 Nd6 37.Bxd6 Rxd6 38.Rxb3 g5 39.Rb6 1-0

[Event "8th Reykjavik op"]
[Site "Reykjavik ISL"]
[Date "1978.02.19"]
[Round "13"]
[White "Olafsson, Fridrik"]
[Black "Olafsson, Helgi"]
[Result "1/2-1/2"]
[WhiteElo "2530"]
[BlackElo "2420"]
[EventDate "1978.02.04"]
[PlyCount "104"]

1.Nf3 c5 2.c4 Nf6 3.g3 d5 4.cxd5 Nxd5 5.Bg2 Nc6 6.d4 cxd4 7.Nxd4 Ndb4 8.
Nxc6 Qxd1+ 9.Kxd1 Nxc6 10.Be3 g6 11.Nc3 Bg7 12.Rc1 O-O 13.f4 Be6 14.Ke1 
Rac8 15.Kf2 Rfd8 16.Rhd1 Rxd1 17.Rxd1 Kf8 18.Bxc6 bxc6 19.Bd4 c5 20.Bxg7+ 
Kxg7 21.e4 Rb8 22.Rd2 h5 23.Ke3 h4 24.Rc2 Kh6 25.Nd5 Bxd5 26.exd5 Rb5 27.
b3 g5 28.Ke4 hxg3 29.hxg3 gxf4 30.gxf4 Kg7 31.Ke5 Kf8 32.Rc4 f6+ 33.Ke6 
Ke8 34.Rc2 Rb4 35.Kf5 Rb5 36.a4 Rxb3 37.Rxc5 Rb6 38.a5 Rd6 39.Ke4 Kd8 40.
f5 Rd7 41.Rc6 Rb7 42.d6 Rb5 43.dxe7+ Kxe7 44.a6 Ra5 45.Kf4 Ra4+ 46.Kf3 
Ra3+ 47.Kg4 Ra4+ 48.Kg3 Ra3+ 49.Kf4 Ra4+ 50.Kf3 Ra3+ 51.Ke4 Ra4+ 52.Kd3 
Ra5 1/2-1/2